China Brand Logos! #1 - Statistics

General Stats
  • This quiz has been taken 97 times
  • The average score is 10 of 24
Answer Stats
Picture Answer % Correct
Tiktok
100%
Huawei
69%
Baidu
63%
Lenovo
62%
Wechat
62%
HSBC
61%
Xiaomi
59%
TEMU
56%
Oppo
52%
Air China
45%
Alibaba
45%
BYD
44%
Sinopec
39%
Bank Of China
38%
ICBC
35%
Weibo
31%
China Telecom
28%
China Mobile
25%
Petrochina
25%
Chery
24%
China Unicom
23%
Vivo
23%
China Southern
20%
China Life
18%
No matching quizzes found
Score Distribution
Percent of People with Each Score
Percentile by Number Answered
Your Score History
You have not taken this quiz